00686 am a2200217 a 450000500170000000800410001702000080005804100080006610000210007424500430009525000110013826000560014930000110020550000950021665300290031165300410034065300230038165300120040465300250041665300270044120220901085641.0100514s1980||||ag d f |||| 00| 0 spa d aS/N aspa1 aKurlat, David M. aUrticaria.bPrurito.cDavid M. Kurlat. a1a ed. aBuenos Aires : bLópez LIbreros Editores, c1980. a251 p. aKurlat, D. M. (1980) Urticaria. Prurito. (1a ed.) Buenos Aires: López libreros ediciones aUrticaria. Generalidades aFormas etiológicas de la urticaria aUrticaria física aPrurito aFormas etiológicas aPruritos anal y vulvar